000 00574nam a2200193Ia 4500
005 20250507130350.0
008 008 250505s9999 xx 000 0 chi d
020 _a0-333-80208-8
037 _aAnnuals, Advances
040 _aEASL
_beng
_cEASL
041 _achi
_2eng
084 _aX:9F,5.4295, P0
_qEASL
100 _aChen Feng Ling Au.
_9665343
245 0 _aWorking Women and State Policies in Taiwan
260 _aUSA
_bNew York Palgrave
_c2000
300 _axii,276p.
942 _cTEXL
_hX:9F,5.4295, P0
999 _c1319262
_d1319262